000 01245nam0a22002531 4500
001 rc\211528
005 20030307114316.8
035 _a(NLR Aleph) 005461483
090 _a4959592
_c4959592
100 _a20030307d1995 u |0rusy50 ca
101 0 _arus
102 _aRU
105 _aa |||||||||
200 1 _aЭкономическая культура
_eЭкономика и человек
_eУчеб. пособие для школьников
_e5-й кл.
_f[В.В. Дудников и др.
_gНауч. ред. Н.М. Кондратенко, к. э. н., доц.]
210 _aСамара
_cСИПКИПРО
_d1995
215 _a70 с.
_cил.
_d21
225 1 _aЧто нужно знать школьнику по экономике
_fСамар. ин-т повышения квалификации и переподготовки работников образования
702 1 _aДудников
_bВ. В.
_gВалерий Владимирович
_4220
712 0 2 _aСамарский обл. ин-т повышения квалификации работников образования
_3RU\NLR\AUTH\889917122
801 0 _aRU
_bNLR
_gpsbo
801 1 _aRU
_bELAR
_2rusmarc
852 _aNLR
_j95-4/8882
942 _cBOOK
980 _aNB